000 00408nam a22001577a 4500
003 OSt
005 20211130114817.0
008 211130b |||||||| |||| 00| 0 eng d
040 _cHawassa University
050 _a796.4/LAP
_b1
082 _a796.4/LAP
_b1
100 _aLaporte,William R.
_921105
245 _aThe Tumbler's Manual
260 _aNew Jersey
_bPrentice-Hall,Inc.
_c1938
942 _2ddc
_cBOOKS
_n0
999 _c20755
_d20755